| 000 -Record Label |
| fixed length control field |
00805nam 2200193 4500 |
| 100 ## - General Processing Data |
| General Processing Data |
20161218d m||y0pory50 ba |
| 200 ## - Title and Statement of Responsibility |
| Title Proper |
Sintra |
| General Material Designation |
Visual gráfico |
| Other Title Information |
vila e suburbios |
| First Statement of Responsibility |
organisação [sic]e edição de Camacho Pereira |
| Subsequent Statement of Responsibility |
introdução de Francisco Costa |
| 210 ## - Publication, Distribution, etc. |
| Place of Publication, Distribution, etc. |
Lisboa |
| Name of Publisher, Distributor, etc. |
Edições Rotep |
| Date of Publication, Distribution, etc. |
1975 |
| 215 ## - Physical Description |
| Specific Material Designation and Extent of Item |
1 álbum (4 p. de texto, 40 estampas soltas, 8 p. de índices e notas) |
| Other Physical Details |
principalmente il., |
| Dimensions |
24,7x17,3 cm (aprox., cada f.) |
| 225 ## - Series |
| Series Title |
Tempos idos |
| Volume Designation |
12 |
| 300 ## - General Notes |
| Text of Note |
Reproduções em offset de desenhos, pinturas, gravuras e litografias, principalmente do séc. XIX |
| 300 ## - General Notes |
| Text of Note |
Dim. da capa de badanas: 25x18 cm |
| 600 ## - Personal Name Used as Subject |
| Entry Element |
Camacho Pereira |
| 601 ## - Corporate Body Name Used as Subject |
| Entry Element |
Edições Rotep |
| 675 ## - Universal Decimal Classification (UDC) |
| Number |
908 |
| Edition |
UPS |
| Language of Edition |
por |
| 700 ## - Personal Name - Primary Responsibility |
| Part of Name Other than Entry Element |
Pereira,João Camacho |
| Dates |
1938 -1977 |
| 090 ## - System Control Numbers (Koha) |
| Koha biblioitem number (autogenerated) |
1335 |
| 942 ## - ADDED ENTRY ELEMENTS (KOHA) |
| Koha item type |
Books |